Municipios de España sin tren - Estadísticas

Estadísticas generales
  • Esta prueba ha sido intentada 52 veces
  • La puntuación promedio es 9 de 24
Estadísticas de respuestas
Población Municipio Comunidad Autónoma % Correcto
380.436 Las Palmas de Gran Canaria Canarias
78%
159.000 Marbella Andalucía
62%
53.717 Ibiza Islas Baleares
51%
90.135 El Ejido Andalucía
49%
59.632 Motril Andalucía
49%
102.867 Telde Canarias
49%
85.990 Vélez-Málaga Andalucía
49%
64.735 Arrecife Canarias
44%
109.204 Roquetas de Mar Andalucía
42%
50.549 Adeje Canarias
40%
78.413 Estepona Andalucía
40%
93.302 Mijas Andalucía
40%
94.803 Torrevieja Comunidad Valenciana
40%
82.982 Arona Canarias
38%
64.177 La Línea de la Concepción Andalucía
33%
55.261 Linares Andalucía
33%
69.876 Sanlúcar de Barrameda Andalucia
31%
76.922 Alcalá de Guadaíra Andalucía
29%
77.493 Molina de Segura Región de Murcia
29%
52.936 San Bartolomé de Tirajana Canarias
24%
53.491 Calvià Islas Baleares
22%
77.098 Santa Lucía de Tirajana Canarias
22%
52.230 Rincón de la Victoria Andalucía
18%
52.447 Granadilla de Abona Canarias
11%
No se encontraron pruebas coincidentes
Distribución de puntuación
Porcentaje de gente con cada puntuación
Porcentaje por número respondido
Historial de tus puntuaciones
No has intentado esta prueba.